NBA Teams abbreviations - Statistiken

Allgemein
  • Dieses Quiz wurde 528 mal gespielt
  • Das Durchschnittsergebnis liegt bei 27 aus 30
Antwortstatistiken
Hint Antwort % Korrekt
ATL Atlanta Hawks
97%
BOS Boston Celtics
96%
BKN Brooklyn Nets
95%
CHI Chicago Bulls
95%
DAL Dallas Mavericks
93%
LAL Los Angeles Lakers
93%
DEN Denver Nuggets
92%
MIA Miami Heat
92%
GSW Golden State Warriors
91%
HOU Houston Rockets
91%
NYK New York Knicks
91%
CLE Cleveland Cavaliers
90%
DET Detroit Pistons
90%
LAC Los Angeles Clippers
90%
CHA Charlotte Hornets
89%
MEM Memphis Grizzlies
89%
MIL Milwaukee Bucks
89%
PHX Phoenix Suns
89%
UTA Utah Jazz
89%
OKC Oklahoma City Thunder
88%
ORL Orlando Magic
88%
IND Indiana Pacers
87%
SAC Sacramento Kings
87%
TOR Toronto Raptors
87%
MIN Minnesota Timberwolves
85%
POR Portland Trail Blazers
85%
PHI Philadelphia 76ers
84%
WAS Washington Wizards
82%
NOP New Orleans Pelicans
81%
SAS San Antonio Spurs
81%
Keine übereinstimmenden Quizze gefunden
Verteilung der Resultate
Anzahl Personen mit jedem Resultat
Perzentil nach korrekt beantworteten Fragen
Ihre Resultats-Entwicklung
Sie haben dieses Quiz noch nicht gespielt